000 00847cam a22002412 4500
001 51430
003 BD-RjUL
005 20211209075646.0
008 160831s1933 ii 000 0 eng
035 _a(BD-RjUL)51550
040 _aDLC
_cCarP
_dDLC
_beng
041 _aeng
082 _223
_a320.8
_bBEN 1933
110 1 _aBengal.
_kLaws, statutes, etc. [from old catalog]
_9153842
245 0 0 _aBengal act III of 1885.
_bThe Bengal local self-government act of 1885, as modified up to the 1st September, 1933 /
260 _aCalcutta :
_bBengal secretariat book depot,
_c1933.
300 _a133 p. :
_bill. ;
_c25 cm.
650 0 _aLocal government
_9153843
710 1 _aBengal.
_bLegislative Department [from old catalog]
_9153844
740 0 _aBengal local self-government act.
942 _2ddc
_cBK
999 _c51430
_d51430